BIBLIOTECA

SENCICO

Levantamiento topográfico y mejoramiento de las vías internas en la asociación de propietarios de vivienda la Merced y la Asociación de Propietarios de Vivienda Chavín de Huantar I, distrito de "Puente Piedra - Lima - Lima" / (Registro nro. 4216)

Detalles MARC
000 -LEADER
fixed length control field 01123nam a22002537a 4500
003 - CONTROL NUMBER IDENTIFIER
control field PE SENCICO BE
005 - DATE AND TIME OF LATEST TRANSACTION
control field 20251020182639.0
008 - FIXED-LENGTH DATA ELEMENTS--GENERAL INFORMATION
fixed length control field 230703b |||||||| |||| 00| 0 eng d
040 ## - CATALOGING SOURCE
Original cataloging agency PE SENCICO BE
Transcribing agency PE SENCICO BE
041 ## - LANGUAGE CODE
Language code of text/sound track or separate title spa
084 ## - OTHER CLASSIFICATION NUMBER
Classification number I
-- TOP
-- 2015
Item number C25
100 1# - MAIN ENTRY--PERSONAL NAME
9 (RLIN) 1188
Personal name Chate Añanca, Marco Antonio
Relator term autor
245 1# - TITLE STATEMENT
Title Levantamiento topográfico y mejoramiento de las vías internas en la asociación de propietarios de vivienda la Merced y la Asociación de Propietarios de Vivienda Chavín de Huantar I, distrito de "Puente Piedra - Lima - Lima" /
Statement of responsibility, etc. Marco Antonio Chate Añanca
260 ## - PUBLICATION, DISTRIBUTION, ETC.
Place of publication, distribution, etc. Lima :
Date of publication, distribution, etc. 2015
300 ## - PHYSICAL DESCRIPTION
Extent 50 hojas :
Other physical details planos pleg., il. col. ;
Dimensions 29 cm.
502 ## - DISSERTATION NOTE
Dissertation note Servicio Nacional de Capacitación para la Industria de la Construcción. Escuela Superior Técnica. Carrera Profesional Técnica en Topografía y Geodesía, 2015.
504 ## - BIBLIOGRAPHY, ETC. NOTE
Bibliography, etc. note Referencias bibliográficas: h. 36.
650 14 - SUBJECT ADDED ENTRY--TOPICAL TERM
9 (RLIN) 4
Topical term or geographic name entry element Topografía
650 24 - SUBJECT ADDED ENTRY--TOPICAL TERM
9 (RLIN) 116
Topical term or geographic name entry element Levantamiento topográfico
650 24 - SUBJECT ADDED ENTRY--TOPICAL TERM
9 (RLIN) 528
Topical term or geographic name entry element Planificación urbana
650 24 - SUBJECT ADDED ENTRY--TOPICAL TERM
9 (RLIN) 762
Topical term or geographic name entry element Diseño urbano
910 ## - USER-OPTION DATA (OCLC)
-- hfp
-- hfp
942 ## - ADDED ENTRY ELEMENTS (KOHA)
Koha item type Monografía de Titulación
Existencias
Fecha de la última vez que lo usaron Número de ingreso o de inventario Pago total Signatura topográfica completa Precio efectivo desde Tipo de documento Estado perdido Estado dañado No es para préstamo Retirado Ubicación permanente Ubicación actual Fecha de adquisición
03/07/2023 I-00054   I/TOP/2015/C25 03/07/2023 Monografía de Titulación         Biblioteca Central Lima Biblioteca Central Lima 03/07/2023